000 00533nam a2200193 a 4500
001 13241
003 CO-ViMGA
008 141112s2004 ck r 000 u spa d
020 _a8401491363
040 _aCO-ViMGA
_bspa
_cCO-ViMGA
082 0 4 _a500.1 A745n
100 1 _aAsimov, Isaac
245 1 0 _aNueva guia de la ciencia
260 _aBarcelona :
_bPlaza y James Editores,
_cS.A.,
_c1985
300 _a1147
650 1 4 _aDESARROLLO CIENTIFICO Y TECNOLOGICO
_919413
650 1 4 _aFILOSOFIA DE LA CIENCIA
_915341
942 _2ddc
_cBK
999 _c23989
_d23989